<?xml version="1.0" encoding="UTF-8"?>
<record
    xmlns:xsi="http://www.w3.org/2001/XMLSchema-instance"
    xsi:schemaLocation="http://www.loc.gov/MARC21/slim http://www.loc.gov/standards/marcxml/schema/MARC21slim.xsd"
    xmlns="http://www.loc.gov/MARC21/slim">

  <leader>04485nam a2200541Ia 4500</leader>
  <controlfield tag="001">6302</controlfield>
  <controlfield tag="008">241029s9999    xx            000 0 und d</controlfield>
  <datafield tag="010" ind1=" " ind2=" ">
    <subfield code="a">5938</subfield>
  </datafield>
  <datafield tag="041" ind1=" " ind2=" ">
    <subfield code="a">Espa&#xF1;ol</subfield>
  </datafield>
  <datafield tag="082" ind1=" " ind2=" ">
    <subfield code="a">ST MA-ES 0011 FCE 2017</subfield>
  </datafield>
  <datafield tag="245" ind1=" " ind2="0">
    <subfield code="a">Evaluaci&#xF3;n del nivel de actualizaci&#xF3;n del pensum, de la carrera de Psicolog&#xED;a Cl&#xED;nica, de la Facultad De Humanidades UASD, de acuerdo con el Reglamento de Programas de Grado del MESCyT, en Santo Domingo Rep&#xFA;blica Dominicana a&#xF1;o 2015</subfield>
  </datafield>
  <datafield tag="260" ind1=" " ind2=" ">
    <subfield code="a">Santo Domingo</subfield>
  </datafield>
  <datafield tag="300" ind1=" " ind2=" ">
    <subfield code="a">79</subfield>
  </datafield>
  <datafield tag="520" ind1=" " ind2=" ">
    <subfield code="a">66</subfield>
  </datafield>
  <datafield tag="630" ind1=" " ind2=" ">
    <subfield code="a">Educaci&#xF3;n Superior</subfield>
  </datafield>
  <datafield tag="630" ind1=" " ind2=" ">
    <subfield code="a">Evaluaci&#xF3;n Curricular</subfield>
  </datafield>
  <datafield tag="650" ind1=" " ind2=" ">
    <subfield code="a">Evaluaci&#xF3;n</subfield>
  </datafield>
  <datafield tag="690" ind1=" " ind2=" ">
    <subfield code="a">Copiado sin cambios</subfield>
  </datafield>
  <datafield tag="700" ind1=" " ind2=" ">
    <subfield code="e">asesor</subfield>
    <subfield code="a"> Viloria Santos, Juan Francisco</subfield>
  </datafield>
  <datafield tag="700" ind1=" " ind2=" ">
    <subfield code="e">autor</subfield>
    <subfield code="a">de los Santos Rodr&#xED;guez , Juana </subfield>
  </datafield>
  <datafield tag="700" ind1=" " ind2=" ">
    <subfield code="e">autor</subfield>
    <subfield code="a">Montero Guti&#xE9;rrez, Carmen Luisa</subfield>
  </datafield>
  <datafield tag="901" ind1=" " ind2=" ">
    <subfield code="a">{"1":"de los Santos Rodr&#xED;guez ","2":"Montero Guti&#xE9;rrez"}</subfield>
    <subfield code="b">{"1":"Juana ","2":"Carmen Luisa"}</subfield>
  </datafield>
  <datafield tag="902" ind1=" " ind2=" ">
    <subfield code="a">1</subfield>
  </datafield>
  <datafield tag="903" ind1=" " ind2=" ">
    <subfield code="a">{"1":" Viloria Santos"}</subfield>
    <subfield code="b">{"1":"Juan Francisco"}</subfield>
  </datafield>
  <datafield tag="904" ind1=" " ind2=" ">
    <subfield code="a">Maestr&#xED;a en</subfield>
  </datafield>
  <datafield tag="905" ind1=" " ind2=" ">
    <subfield code="a">Ense&#xF1;anza Superior</subfield>
  </datafield>
  <datafield tag="906" ind1=" " ind2=" ">
    <subfield code="a">2</subfield>
  </datafield>
  <datafield tag="907" ind1=" " ind2=" ">
    <subfield code="a">NO APLICA</subfield>
  </datafield>
  <datafield tag="908" ind1=" " ind2=" ">
    <subfield code="a">NO APLICA</subfield>
  </datafield>
  <datafield tag="909" ind1=" " ind2=" ">
    <subfield code="a">Universidad Aut&#xF3;noma de Santo Domingo (UASD)</subfield>
  </datafield>
  <datafield tag="910" ind1=" " ind2=" ">
    <subfield code="a">NULL</subfield>
    <subfield code="b">NULL</subfield>
  </datafield>
  <datafield tag="911" ind1=" " ind2=" ">
    <subfield code="a">["1"]</subfield>
  </datafield>
  <datafield tag="912" ind1=" " ind2=" ">
    <subfield code="a">NO APLICA</subfield>
  </datafield>
  <datafield tag="913" ind1=" " ind2=" ">
    <subfield code="a">NULL</subfield>
  </datafield>
  <datafield tag="914" ind1=" " ind2=" ">
    <subfield code="a">03 de Julio de 2017</subfield>
  </datafield>
  <datafield tag="915" ind1=" " ind2=" ">
    <subfield code="a">24/10/19 03:10</subfield>
  </datafield>
  <datafield tag="916" ind1=" " ind2=" ">
    <subfield code="a">NULL</subfield>
  </datafield>
  <datafield tag="917" ind1=" " ind2=" ">
    <subfield code="a">NULL</subfield>
  </datafield>
  <datafield tag="918" ind1=" " ind2=" ">
    <subfield code="a">NO APLICA</subfield>
  </datafield>
  <datafield tag="919" ind1=" " ind2=" ">
    <subfield code="a">["83","99"]</subfield>
  </datafield>
  <datafield tag="520" ind1=" " ind2=" ">
    <subfield code="a">El presente trabajo de investigaci&#xF3;n se titula nivel de actualizaci&#xF3;n del pensum de la carrera de Psicolog&#xED;a Cl&#xED;nica de la Universidad Aut&#xF3;noma de Santo Domingo, UASD, a&#xF1;o 2015. Su objeto primordial fue evaluar el nivel de actualizaci&#xF3;n del pensum de la Licenciatura en Psicolog&#xED;a Cl&#xED;nica de la UASD de acuerdo con el Reglamento de Programas de Grado del MESCYT, para determinar si el mismo va acorde con los nuevos tiempos y si permite que el estudiante adquiera el perfil profesional que se requiere para afrontar las demandas laborales de la psicolog&#xED;a en la actualidad.Se trata de una investigaci&#xF3;n descriptiva, que busca observar la problem&#xE1;tica, sin intervenir en su din&#xE1;mica. Para su desarrollo se determin&#xF3; una muestra estad&#xED;stica, utilizando la f&#xF3;rmula de Fisher y Navarro, la cual arroj&#xF3; que deb&#xED;an seleccionarse 186 docentes y 291 estudiantes. Y se dise&#xF1;aron dos instrumentos de recolecci&#xF3;n de datos,&#xA0; para docentes&#xA0; de cuya aplicaci&#xF3;n se obtuvieron los resultados que dieron origen a las siguientes conclusiones que responden los objetivos planteados: En esta investigaci&#xF3;n se determin&#xF3; que el pensum de la carrera de Psicolog&#xED;a Cl&#xED;nica en la UASD, si bien cumple con la mayor&#xED;a de los requerimientos exigidos por el MESCYT, el mismo requiere de revisiones y modificaciones, las cuales se proponen en esta tesis, para adecuarlo a los nuevos tiempos. Esto as&#xED;, porque el mismo carece de actualizaciones que lo pongan a la altura de las exigencias actuales, a la luz de los resultados obtenidos durante este trabajo y en comparaci&#xF3;n con el reglamento para programas de grado del MESCYT, con la Ley 139-01 sobre Educaci&#xF3;n Superior y con el pensum de la misma carrera, en otras universidades dominicanas.Y las recomendaciones que se ofrecen son que se lleve a cabo la revisi&#xF3;n peri&#xF3;dica del pensum de la carrera de psicolog&#xED;a cl&#xED;nica de la UASD y que las modificaciones hechas encada revisi&#xF3;n sean de conocimiento p&#xFA;blico, especialmente de los estudiantes; que se supervise y se ejecute la evaluaci&#xF3;n tanto docente como estudiantil, por ser esta parte vital para garantizar los perfiles profesionales objetivos de la carrera. As&#xED; como tambi&#xE9;n, que se procure la integraci&#xF3;n de los tres tipos de evaluaci&#xF3;n con las que se cuenta para hacer esta m&#xE1;s objetiva y equitativa para todos los estudiantes; extrapolar esta iniciativa a todas las dem&#xE1;s carreras dentro de la UASD que ameriten revisar o reformar sus planes de estudio; y en cuanto a tecnolog&#xED;a, que la UASD dise&#xF1;e o adec&#xFA;e su plataforma digital para que los estudiantes y el p&#xFA;blico en general tengan acceso a informaciones de dominio p&#xFA;blico como los planes de: estudio, pensum, programas de asignaturas, perfiles estudiantiles y docentes, etc. Ya que actualmente es imposible encontrar estos datos en las p&#xE1;ginas virtuales de la universidad.&#xA0;</subfield>
  </datafield>
  <datafield tag="921" ind1=" " ind2=" ">
    <subfield code="a">63</subfield>
  </datafield>
  <datafield tag="922" ind1=" " ind2=" ">
    <subfield code="a">63</subfield>
  </datafield>
  <datafield tag="923" ind1=" " ind2=" ">
    <subfield code="a">1</subfield>
  </datafield>
  <datafield tag="924" ind1=" " ind2=" ">
    <subfield code="a">NO APLICA</subfield>
  </datafield>
  <datafield tag="942" ind1=" " ind2=" ">
    <subfield code="c">Tesis</subfield>
  </datafield>
  <datafield tag="999" ind1=" " ind2=" ">
    <subfield code="c">5938</subfield>
    <subfield code="d">5938</subfield>
  </datafield>
</record>
